Iniciatívy spoločenskej zodpovednosti v marketingu poisťovní diplomová práca

Salvato in:
Dettagli Bibliografici
Autore principale: Malá, Monika
Ente Autore: Národohospodárska fakulta EU. Katedra poisťovníctva
Altri autori: Ondruška, Tomáš, 1988-
Natura: Libro
Lingua:slovacco
Pubblicazione: Bratislava 2018
Tags: Aggiungi Tag
Nessun Tag, puoi essere il primo ad aggiungerne!!

MARC

LEADER 00000nbm a2200000 4500
001 0244206
005 20200907123153.3
041 0 |a slo 
044 |a SK 
245 1 0 |a Iniciatívy spoločenskej zodpovednosti v marketingu poisťovní  |b diplomová práca  |c Monika Malá ; školiteľ: Tomáš Ondruška 
264 1 |a Bratislava  |c 2018 
300 |a 68 s. 
100 1 |a Malá, Monika 
700 1 |a Ondruška, Tomáš, 1988- 
710 2 |a Národohospodárska fakulta EU. Katedra poisťovníctva